000 00831cam a22002413a 4500
001 30406
003 PGUSA
005 20140828083646.0
008 091105s2009||||xxu|||||s|||||000 | eng d
040 _aPGUSA
_beng
042 _adc
050 4 _aE300
100 1 _aAbbott, John S. C.
_q(John Stevens Cabot),
_d1805-1877
245 1 0 _aBenjamin Franklin :
_bA Picture of the Struggles of Our Infant Nation One Hundred Years Ago American Pioneers and Patriots Series
_h[electronic resource] /
_cJohn S. C. Abbott
260 _bProject Gutenberg,
_c2009
506 _aPublic domain in the USA.
516 _aElectronic text
653 _aFranklin, Benjamin, 1706-1790
653 _aStatesmen -- United States -- Biography
830 0 _aProject Gutenberg
_v30406
856 4 0 _uhttp://www.gutenberg.org/ebooks/30406
942 _cEB
999 _c259661
_d259661